[Event "?"]
[Site "?"]
[Date "2014.08.01"]
[Round "1.12"]
[White "Radovinski, Jewgeni"]
[Black "Knütter, Helmut"]
[Result "0-1"]
[WhiteElo "1501"]
[BlackElo "1647"]
[PlyCount "140"]
[EventDate "2015.??.??"]
[WhiteTeam "SG Porz e.V."]
[BlackTeam "Ford SF Köln e.V."]

1. e4 e6 2. Qe2 Ne7 3. d4 d5 4. e5 Ng6 5. Nf3 Bd7 6. Qd1 c5 7. c3 cxd4 8. cxd4
Bb4+ 9. Bd2 Bxd2+ 10. Nbxd2 Qb6 11. Nb3 Qb4+ 12. Qd2 Qxd2+ 13. Nfxd2 b6 14. a4
Nc6 15. Bb5 Nb4 16. O-O a5 17. Bxd7+ Kxd7 18. f4 Rac8 19. f5 exf5 20. Rxf5 Ke6
21. Raf1 Rhf8 22. g4 h6 23. R5f2 Nd3 24. Rf3 Nxb2 25. Ra1 Nc4 26. Kf2 Nxd2 27.
Nxd2 Rc2 28. Ke1 Rfc8 29. Ke2 Rb2 30. Rb1 Rxb1 31. Nxb1 Rc4 32. Rb3 Rxd4 33.
Rxb6+ Kxe5 34. Rb5 Nf4+ 35. Kf2 Rxa4 36. Nc3 Ra3 37. Nb1 Ra1 38. Nd2 Ra2 39.
Ke1 Kd4 40. Nb3+ Ke3 41. Rxa5 Rxa5 42. Nxa5 Nd3+ 43. Kf1 Nf2 44. Nc6 Nxg4 45.
h3 Nh2+ 46. Kg2 Nf3 47. Ne7 d4 48. Nf5+ Kf4 49. Nxg7 d3 50. Kf2 Ke4 51. Ne8 Ne5
52. Nf6+ Kd4 53. Ke1 Ke3 54. Nd5+ Kf3 55. Nf6 Kg3 56. Ng8 h5 57. Nf6 h4 58.
Ne4+ Kxh3 59. Kf2 Kg4 60. Kg2 h3+ 61. Kh2 Nf3+ 62. Kh1 d2 63. Nf2+ Kf5 64. Nd1
Kf4 65. Ne3 Ng5 66. Nd1 Kf3 67. Nc3 Ne4 68. Nd1 Nf2+ 69. Nxf2 Kxf2 70. Kh2 d1=Q
0-1

[Event "?"]
[Site "?"]
[Date "2014.08.01"]
[Round "1.13"]
[White "Joerres, Till"]
[Black "Kühlwein, Ralf"]
[Result "0-1"]
[WhiteElo "1639"]
[BlackElo "1487"]
[PlyCount "80"]
[EventDate "2015.??.??"]
[WhiteTeam "SVigung Düren 13 Deric"]
[BlackTeam "Klub Kölner SF e.V. 1"]

1. e4 c5 2. Nf3 Nc6 3. d4 cxd4 4. Nxd4 e5 5. Nb5 a6 6. Nd6+ Bxd6 7. Qxd6 Qf6 8.
Qd1 Nge7 9. Nc3 d6 10. Be3 b5 11. Qd2 Bb7 12. a4 b4 13. Nd5 Nxd5 14. exd5 Ne7
15. Bg5 Qg6 16. Bxe7 Kxe7 17. f4 Qe4+ 18. Be2 Qxf4 19. Qxf4 exf4 20. Bc4 Rhe8
21. Rf1 Kf8+ 22. Kd2 g5 23. h4 h6 24. hxg5 hxg5 25. Rh1 Kg7 26. Rh5 Re5 27.
Rah1 Bxd5 28. Kd3 Bxc4+ 29. Kxc4 a5 30. Rh7+ Kf6 31. R7h6+ Ke7 32. Rd1 Rc8+ 33.
Kb3 Re6 34. Rhh1 Re3+ 35. Rd3 Re2 36. Rd5 Re3+ 37. Rd3 Rxd3+ 38. cxd3 Rc5 39.
Rh8 Re5 40. Kc4 Re2 0-1

[Event "?"]
[Site "?"]
[Date "2014.08.01"]
[Round "1.14"]
[White "Asadzade, Idris"]
[Black "Spindler, Florian"]
[Result "0-1"]
[WhiteElo "1467"]
[BlackElo "1626"]
[PlyCount "88"]
[EventDate "2015.??.??"]
[WhiteTeam "SVigung 1919 Königsspr"]
[BlackTeam "SG Porz e.V."]

1. d4 d5 2. c4 e6 3. Nc3 Nf6 4. Bg5 Nbd7 5. e3 Be7 6. Nf3 O-O 7. cxd5 Nxd5 8.
Bxe7 Qxe7 9. Nxd5 exd5 10. Bd3 Nf6 11. O-O Bg4 12. Rc1 c6 13. Be2 Ne4 14. Nd2
Bxe2 15. Qxe2 f5 16. Nxe4 Qxe4 17. Qf3 Rae8 18. Rfe1 f4 19. Qh3 f3 20. g3 Rf6
21. Qd7 Rf7 22. Qh3 Re6 23. Red1 Rff6 24. Rc3 Rh6 25. Qf1 Rh5 26. Qd3 Qg4 27.
Kf1 Rxh2 28. Ke1 Qh3 29. Kd2 Rxf2+ 30. Kc1 Qxg3 31. Rb3 Re2 32. Rxb7 R2xe3 33.
Qf5 Qg6 34. Qf4 Qf6 35. Qxf6 Rxf6 36. Rf1 f2 37. Kd2 Re4 38. Rxa7 Rxd4+ 39. Ke3
Re4+ 40. Kd2 g5 41. Ra3 g4 42. Rc3 h5 43. a4 Rxa4 44. b4 Rxb4 0-1

[Event "?"]
[Site "?"]
[Date "2014.08.01"]
[Round "1.15"]
[White "Sewald, Kathrin"]
[Black "Wilde, Christian"]
[Result "1-0"]
[WhiteElo "1464"]
[BlackElo "1248"]
[PlyCount "67"]
[EventDate "2015.??.??"]
[WhiteTeam "SG Porz e.V."]
[BlackTeam "SF Köln-Longerich 195"]

1. e4 g6 2. d4 d6 3. f4 e6 4. Nf3 Bg7 5. c3 Nd7 6. Bd3 Ne7 7. O-O O-O 8. Nbd2
a6 9. Nb3 c5 10. Be3 b6 11. Qe1 cxd4 12. cxd4 e5 13. fxe5 dxe5 14. d5 a5 15.
Qh4 f6 16. Rac1 Ba6 17. Bxa6 Rxa6 18. Rc2 Ra8 19. Qh3 Rc8 20. Qe6+ Rf7 21. Rxc8
Nxc8 22. Ng5 Qe7 23. Nxf7 Qxf7 24. Qc6 Qe8 25. Rc1 Bf8 26. Qxc8 Qxc8 27. Rxc8
a4 28. Nd2 Kf7 29. Nc4 Bc5 30. Bxc5 Nxc5 31. Rxc5 bxc5 32. Nb6 a3 33. bxa3 Ke7
34. Nc4 1-0

[Event "?"]
[Site "?"]
[Date "2014.08.01"]
[Round "1.16"]
[White "Schröter, Sophie"]
[Black "Fischer, Bastian"]
[Result "0-1"]
[WhiteElo "1202"]
[BlackElo "1442"]
[PlyCount "64"]
[EventDate "2015.??.??"]
[WhiteTeam "SG Porz e.V."]
[BlackTeam "Schach-Club Vaterstetten-Grasbru"]

1. e4 c6 2. Nf3 d5 3. exd5 cxd5 4. Nc3 Nc6 5. Bb5 a6 6. Bxc6+ bxc6 7. O-O Bg4
8. h3 Bh5 9. g4 Bg6 10. Ne5 Qc7 11. Nxg6 hxg6 12. Qf3 Nf6 13. d3 e6 14. Bf4 Bd6
15. Bxd6 Qxd6 16. Rfe1 g5 17. Qg3 Qxg3+ 18. fxg3 Rxh3 19. Kg2 Rh6 20. Re5 Nh7
21. Ne2 Kd7 22. Rf1 Rf6 23. Nc3 Rb8 24. b3 Rb4 25. Rh1 Rh6 26. Rxh6 gxh6 27.
Kf3 Nf6 28. a3 Rb8 29. Na4 Kd6 30. Re1 Nd7 31. Ke3 Ne5 32. Kd4 Nf3+ 0-1

[Event "?"]
[Site "?"]
[Date "2014.08.01"]
[Round "1.17"]
[White "Jansen, Kurt"]
[Black "Righi, Sofian"]
[Result "0-1"]
[WhiteElo "1411"]
[BlackElo "1200"]
[PlyCount "75"]
[EventDate "2015.??.??"]
[WhiteTeam "Ford SF Köln e.V."]
[BlackTeam "Düsseldorfer SK 14/25 e."]

1. e4 e5 2. Bc4 d6 3. Nc3 Nf6 4. Nge2 c6 5. d4 exd4 6. Nxd4 b5 7. Bd3 b4 8.
Nce2 c5 9. Bb5+ Bd7 10. Bxd7+ Qxd7 11. Nf3 Nxe4 12. Qd5 Qc6 13. Qxc6+ Nxc6 14.
Bf4 Be7 15. O-O O-O 16. Rad1 Rad8 17. Rfe1 d5 18. Ne5 Nxe5 19. Bxe5 Bf6 20.
Bxf6 Nxf6 21. f3 Rfe8 22. Kf2 d4 23. Nf4 Rxe1 24. Kxe1 Nd5 25. Nxd5 Rxd5 26.
Kd2 Re5 27. b3 Re3 28. Re1 Rxe1 29. Kxe1 Kf8 30. Ke2 Ke7 31. Kd3 f5 32. Kc4 Kd6
33. Kb5 Kd5 34. g3 g5 35. h3 h5 36. Ka6 g4 37. hxg4 fxg4 38. f4 0-1

[Event "?"]
[Site "?"]
[Date "2014.08.01"]
[Round "1.18"]
[White "Lin, David"]
[Black "Schröter, Ron"]
[Result "1-0"]
[WhiteElo "1146"]
[BlackElo "1401"]
[PlyCount "57"]
[EventDate "2015.??.??"]
[WhiteTeam "Klub Kölner SF e.V. 1"]
[BlackTeam "SG Porz e.V."]

1. e4 e5 2. Nf3 Nc6 3. Nc3 Nf6 4. Bc4 Bc5 5. d3 h6 6. Be3 Bb6 7. O-O d6 8. h3
Nd4 9. Bxd4 Bxd4 10. Nxd4 exd4 11. Ne2 d5 12. exd5 Nxd5 13. Nxd4 O-O 14. Ne2
Qg5 15. Ng3 Nf4 16. Qf3 h5 17. Ne4 Qe5 18. Rfe1 Ng6 19. c3 Qf5 20. Qe3 Re8 21.
Nf6+ Qxf6 22. Qxe8+ Kh7 23. Bxf7 Nf4 24. Qg8+ Kh6 25. Kh2 Kg5 26. h4+ Kg4 27.
g3 Kf3 28. Bd5+ Kxf2 29. Rf1+ 1-0

[Event "?"]
[Site "?"]
[Date "2014.08.01"]
[Round "1.19"]
[White "van der Valk, Reiner"]
[Black "Mennicken, Leonardo"]
[Result "1-0"]
[WhiteElo "1400"]
[BlackElo "1080"]
[PlyCount "59"]
[EventDate "2015.??.??"]
[WhiteTeam "SG Nettetal 1929"]
[BlackTeam "Klub Kölner SF e.V. 1"]

1. e4 e5 2. Nf3 Nc6 3. d4 d6 4. d5 Nce7 5. c4 c6 6. Nc3 a6 7. b3 Bg4 8. Be2 Nf6
9. h3 Bh5 10. O-O Bg6 11. Qd3 Nc8 12. Bg5 Be7 13. Qe3 Nb6 14. Rad1 O-O 15. dxc6
bxc6 16. Nxe5 Qc7 17. Nxg6 fxg6 18. Bf4 c5 19. Rd2 Qc6 20. Bf3 d5 21. cxd5 Qc8
22. e5 Nfd7 23. d6 Bd8 24. e6 Nf6 25. e7 Bxe7 26. dxe7 Re8 27. Rfd1 Nbd7 28.
Bxa8 Qxa8 29. Rxd7 Nxd7 30. Rxd7 1-0

[Event "?"]
[Site "?"]
[Date "2014.08.01"]
[Round "1.20"]
[White "Schröter, Heinz-Jürgen"]
[Black "Pislaru, Marius"]
[Result "0-1"]
[WhiteElo "1074"]
[BlackElo "1397"]
[PlyCount "90"]
[EventDate "2015.??.??"]
[WhiteTeam "SV Horrem"]
[BlackTeam "SG Porz e.V."]

1. d4 Nf6 2. c4 g6 3. Nc3 Bg7 4. Bf4 d6 5. Nf3 O-O 6. e3 Nh5 7. Bg5 h6 8. Bh4
Nc6 9. Nd5 g5 10. Nxg5 hxg5 11. Bxg5 Nf6 12. Bd3 Nxd5 13. cxd5 Nb4 14. Be4 f5
15. Bb1 Nxd5 16. O-O Nf6 17. Bc2 e6 18. Bb3 Qe8 19. f4 Ne4 20. Bh4 Qg6 21. Bc2
Nf6 22. Bxf6 Bxf6 23. Rf3 Bg7 24. Rg3 Qf6 25. Qh5 Bd7 26. Rg6 Qe7 27. Rf1 Be8
28. Qh6 Bxg6 29. Qxg6 Rf6 30. Qg5 Qf7 31. d5 exd5 32. Rd1 Rf8 33. Rxd5 Qxd5 34.
Bb3 Qxb3 35. axb3 Re6 36. Kf2 Re4 37. h4 Rb4 38. h5 Kh8 39. Qg6 Rxb3 40. Kf3
Rxb2 41. g4 fxg4+ 42. Qxg4 a5 43. Qd7 b5 44. f5 a4 45. Qe7 a3 0-1

[Event "?"]
[Site "?"]
[Date "2014.08.01"]
[Round "1.21"]
[White "Kolbasnikov, Igor"]
[Black "Jehnen, Kimberley"]
[Result "1-0"]
[WhiteElo "1393"]
[BlackElo "1060"]
[PlyCount "33"]
[EventDate "2015.??.??"]
[WhiteTeam "SF Köln-Longerich 195"]
[BlackTeam "SV Fideler Bauer Lever"]

1. e4 e5 2. Nf3 Nc6 3. d4 exd4 4. Bc4 h6 5. c3 dxc3 6. Nxc3 Nf6 7. Qb3 Na5 8.
Bxf7+ Ke7 9. Qb4+ Kxf7 10. Qxa5 b6 11. Qb5 Bb7 12. O-O Nxe4 13. Qb3+ d5 14.
Nxe4 Ke7 15. Ng3 Ke8 16. Ne5 Bd6 17. Qb5+ 1-0

[Event "?"]
[Site "?"]
[Date "2014.08.01"]
[Round "1.22"]
[White "Jakob, Gudrun"]
[Black "Vjazner, Lilian"]
[Result "0-1"]
[WhiteElo "1050"]
[BlackElo "1363"]
[PlyCount "34"]
[EventDate "2015.??.??"]
[WhiteTeam "Klub Kölner SF e.V. 1"]
[BlackTeam "Klub Kölner SF e.V. 1"]

1. e4 e5 2. Nf3 Nf6 3. Nc3 Nc6 4. Bc4 Nxe4 5. Nxe4 d5 6. Bd3 dxe4 7. Bxe4 Bg4
8. d3 Bc5 9. h3 Bh5 10. Bd2 O-O 11. g4 Bg6 12. Bxc6 bxc6 13. Nxe5 Re8 14. f4 f6
15. f5 Rxe5+ 16. Kf1 Qd4 17. Rh2 Qg1# 0-1

[Event "?"]
[Site "?"]
[Date "2014.08.01"]
[Round "1.23"]
[White "Rey, Thorsten"]
[Black "Köllner, Aaron Noah"]
[Result "1-0"]
[WhiteElo "1359"]
[BlackElo "922"]
[PlyCount "141"]
[EventDate "2015.??.??"]
[WhiteTeam "Klub Kölner SF e.V. 1"]
[BlackTeam "SV Bergneustadt/Dersch"]

1. e4 c5 2. Nf3 Nc6 3. d4 cxd4 4. Nxd4 Nxd4 5. Qxd4 d6 6. Nc3 Nf6 7. Bc4 e5 8.
Qd1 Be7 9. Be3 O-O 10. Qd2 Be6 11. Bxe6 fxe6 12. O-O-O Ng4 13. Kb1 Nxe3 14.
Qxe3 Bg5 15. Qe2 Qb6 16. f3 Rac8 17. Qb5 Rc6 18. Qxb6 Rxb6 19. h4 Be3 20. Rd3
Bd4 21. Na4 Ra6 22. Nc3 Rc8 23. Nb5 Rc5 24. Nxd4 exd4 25. Rxd4 e5 26. Rd5 Rxd5
27. exd5 Ra5 28. c4 Rc5 29. b3 b5 30. Rc1 bxc4 31. bxc4 h6 32. Rc3 a5 33. Kc2
g5 34. hxg5 hxg5 35. Kd3 Kg7 36. Rb3 Rc7 37. Rb6 Rd7 38. Ra6 Kg6 39. Rxa5 Kh5
40. Ke4 Kh4 41. c5 Kg3 42. cxd6 Rxd6 43. Kxe5 Rh6 44. d6 g4 45. fxg4 Kxg4 46.
Ke4 Rxd6 47. Rd5 Ra6 48. Rd2 Ra4+ 49. Kd3 Ra3+ 50. Kc4 Ra4+ 51. Kb3 Ra8 52. a4
Rb8+ 53. Ka3 Kf4 54. Rb2 Rg8 55. a5 Rg3+ 56. Ka4 Ke4 57. a6 Rg8 58. a7 Ra8 59.
Rb7 Kd5 60. Kb5 Kd6 61. Kb6 Kd5 62. Rb8 Rxb8+ 63. axb8=Q Kc4 64. g4 Kb3 65. g5
Ka2 66. g6 Ka1 67. Kc5 Ka2 68. g7 Ka1 69. g8=R Ka2 70. Qb7 Ka1 71. Ra8# 1-0

[Event "?"]
[Site "?"]
[Date "2014.08.01"]
[Round "1.24"]
[White "Jehnen, Timo"]
[Black "Smets, Heike"]
[Result "0-1"]
[WhiteElo "919"]
[BlackElo "1345"]
[PlyCount "70"]
[EventDate "2015.??.??"]
[WhiteTeam "SV Fideler Bauer Lever"]
[BlackTeam "Pulheimer Sport-Club 1924/57 e.V"]

1. e4 e5 2. Nf3 Nc6 3. Bb5 Nf6 4. d3 Nd4 5. Nxd4 exd4 6. Bg5 Be7 7. O-O O-O 8.
Nd2 a6 9. Bc4 b5 10. Bb3 Bb7 11. Nf3 c5 12. Ne5 d5 13. Bxf6 Bxf6 14. Nxf7 Rxf7
15. c4 dxc4 16. dxc4 b4 17. Qd3 Be5 18. a3 Bxh2+ 19. Kh1 Qh4 20. Qh3 Qxh3 21.
gxh3 Bd6 22. axb4 Bxe4+ 23. Kg1 Rf3 24. bxc5 Bxc5 25. Ra5 Rxh3 26. f3 Rc8 27.
fxe4 Rxb3 28. Rf5 d3+ 29. Kf1 Bb4 30. Rxa6 Rxb2 31. e5 Rf8 32. Rff6 gxf6 33.
exf6 d2 34. Ke2 Re8+ 35. Kd1 Re1# 0-1

[Event "?"]
[Site "?"]
[Date "2014.08.01"]
[Round "1.25"]
[White "Klein, Markus"]
[Black "Yu, Moyi"]
[Result "1-0"]
[WhiteElo "1337"]
[BlackElo "918"]
[PlyCount "87"]
[EventDate "2015.??.??"]
[WhiteTeam "Ford SF Köln e.V."]
[BlackTeam "Klub Kölner SF e.V. 1"]

1. d4 d5 2. e3 Nc6 3. a3 a6 4. Nd2 b5 5. Nb3 e6 6. Bd2 e5 7. dxe5 Nxe5 8. Bc3
Nc4 9. Qf3 Nf6 10. Bxc4 bxc4 11. Nd2 Bg4 12. Qg3 Bd6 13. Be5 Bxe5 14. Qxe5+ Be6
15. Ngf3 O-O 16. O-O Re8 17. Qd4 Nd7 18. Qc3 Bg4 19. Nd4 Qg5 20. N2f3 Qg6 21.
Rac1 Bh3 22. Nh4 Qg5 23. Ndf3 Qg4 24. Qd4 Re4 25. Qxd5 Rd8 26. Qg5 Qxg5 27.
Nxg5 Rxh4 28. Nxh3 h6 29. Nf4 Nc5 30. g3 Rg4 31. Rfd1 Rxd1+ 32. Rxd1 Na4 33. b3
cxb3 34. cxb3 Nc3 35. Rd8+ Kh7 36. Rd7 g5 37. Nd3 Ne2+ 38. Kg2 Nc3 39. Rxf7+
Kg6 40. Rxc7 Nd5 41. Rc5 Nf6 42. Ne5+ Kh5 43. Nxg4 Ne4 44. Re5 1-0

[Event "?"]
[Site "?"]
[Date "2014.08.01"]
[Round "1.26"]
[White "Baltic, Sara"]
[Black "Scheffler, Jürgen"]
[Result "1-0"]
[WhiteElo "902"]
[BlackElo "1306"]
[PlyCount "51"]
[EventDate "2015.??.??"]
[WhiteTeam "SG Porz e.V."]
[BlackTeam "SC 1948 Prüm"]

1. e4 c5 2. Nc3 e6 3. g3 Nc6 4. Bg2 Nf6 5. f4 d6 6. Nf3 Qc7 7. O-O Be7 8. d3
Rb8 9. Re1 O-O 10. h3 Re8 11. g4 Bf8 12. Nh2 a6 13. g5 Nd7 14. h4 g6 15. Rf1
Bg7 16. h5 gxh5 17. Qxh5 Nf8 18. f5 exf5 19. Nd5 Qd8 20. exf5 Ne5 21. f6 Neg6
22. fxg7 Kxg7 23. Qh6+ Kh8 24. Rxf7 Re1+ 25. Kf2 Qe8 26. Qg7# 1-0

[Event "?"]
[Site "?"]
[Date "2014.08.01"]
[Round "1.27"]
[White "Köllner, Ruben Gideon"]
[Black "Mag, Martina"]
[Result "1-0"]
[WhiteElo "1297"]
[BlackElo "900"]
[PlyCount "27"]
[EventDate "2015.??.??"]
[WhiteTeam "SV Bergneustadt/Dersch"]
[BlackTeam "Ford SF Köln e.V."]

1. d4 Nf6 2. Nf3 e6 3. e3 b6 4. Bd3 Bb7 5. Nbd2 Bb4 6. c3 Be7 7. Qe2 d6 8. O-O
O-O 9. e4 Nbd7 10. e5 Nh5 11. Nb3 Bxf3 12. Qxf3 dxe5 13. Qxh5 Bd6 14. Qxh7# 1-0

[Event "?"]
[Site "?"]
[Date "2014.08.02"]
[Round "2.1"]
[White "Margenberg, Volker"]
[Black "Theißen, Frank"]
[Result "1/2-1/2"]
[WhiteElo "1655"]
[BlackElo "1740"]
[PlyCount "32"]
[EventDate "2015.??.??"]
[WhiteTeam "SV Wiehl 1923 e.V."]
[BlackTeam "Turnverein Borken 1922 e.V."]

1. d4 d5 2. Nf3 e6 3. c4 Nf6 4. Bg5 Be7 5. Nc3 Nbd7 6. e3 c6 7. Be2 O-O 8. O-O
a6 9. c5 Re8 10. Re1 e5 11. b4 e4 12. Nd2 Nf8 13. h3 Ng6 14. a4 h6 15. Bxf6
Bxf6 16. Rb1 Bd7 1/2-1/2

[Event "?"]
[Site "?"]
[Date "2014.08.02"]
[Round "2.2"]
[White "Andrijenko, Anatoliy"]
[Black "Plitt, Stefan"]
[Result "1/2-1/2"]
[WhiteElo "1725"]
[BlackElo "1655"]
[PlyCount "43"]
[EventDate "2015.??.??"]
[WhiteTeam "SF Köln-Longerich 195"]
[BlackTeam "SV Grünfeld e.V."]

1. e4 d5 2. exd5 Nf6 3. d4 Bg4 4. Be2 Bxe2 5. Nxe2 Qxd5 6. O-O Nc6 7. Nbc3 Qd7
8. Bf4 e6 9. a3 Bd6 10. Bxd6 cxd6 11. d5 Ne7 12. dxe6 fxe6 13. Nf4 O-O 14. Re1
e5 15. Nfd5 Nexd5 16. Nxd5 Nxd5 17. Qxd5+ Qf7 18. Qxf7+ Kxf7 19. Rad1 Ke6 20.
c4 Rac8 21. b3 Rc5 22. f3 1/2-1/2

[Event "?"]
[Site "?"]
[Date "2014.08.02"]
[Round "2.3"]
[White "Auschkalnis, Reinhard"]
[Black "Knütter, Helmut"]
[Result "0-1"]
[WhiteElo "1689"]
[BlackElo "1647"]
[PlyCount "42"]
[EventDate "2015.??.??"]
[WhiteTeam "SC Bonn Beuel"]
[BlackTeam "Ford SF Köln e.V."]

1. b3 e5 2. Bb2 d6 3. e3 Nc6 4. Bb5 Nge7 5. Ne2 a6 6. Bxc6+ Nxc6 7. d4 Qg5 8.
d5 Ne7 9. Ng3 Nf5 10. Nd2 Nxg3 11. hxg3 Bg4 12. f3 Qxe3+ 13. Kf1 Bf5 14. a3 Be7
15. b4 Bf6 16. Nc4 Qa7 17. Qe2 Bd7 18. Ne3 O-O-O 19. a4 Rde8 20. c4 e4 21. Bxf6
exf3 0-1

[Event "?"]
[Site "?"]
[Date "2014.08.02"]
[Round "2.4"]
[White "Spindler, Florian"]
[Black "Liebsch, Ulrich"]
[Result "0-1"]
[WhiteElo "1626"]
[BlackElo "1669"]
[PlyCount "90"]
[EventDate "2015.??.??"]
[WhiteTeam "SG Porz e.V."]
[BlackTeam "SC Bayer Leverkusen e.V."]

1. Nf3 d5 2. c4 Nf6 3. g3 e6 4. Bg2 c6 5. d4 Be7 6. O-O O-O 7. Re1 Ne4 8. Nbd2
f5 9. Ne5 Nd7 10. f4 Nxe5 11. dxe5 Qb6+ 12. e3 Bb4 13. Bxe4 fxe4 14. a3 Be7 15.
b4 a5 16. bxa5 Qxa5 17. Nb3 Qc7 18. Qd4 b6 19. Bb2 Ra4 20. Rec1 b5 21. Nc5 Bxc5
22. Qxc5 Rxc4 23. Rxc4 bxc4 24. a4 Ba6 25. Ba3 Rb8 26. a5 Kf7 27. Rd1 Kg6 28.
g4 Rb5 29. Qf8 Qf7 30. Qd8 h6 31. Rf1 Rb3 32. Bc5 c3 33. f5+ Kh7 34. g5 exf5
35. Rf2 Bd3 36. Rg2 Rb1+ 37. Kf2 Rb2+ 38. Kg1 Rxg2+ 39. Kxg2 Qh5 40. h4 Qg4+
41. Kf2 Qxh4+ 42. Kg1 Qxg5+ 43. Qxg5 hxg5 44. e6 Kg6 45. e7 Kf7 0-1

[Event "?"]
[Site "?"]
[Date "2014.08.02"]
[Round "2.5"]
[White "Lechner, Alexander"]
[Black "Hertling, Jürgen"]
[Result "1-0"]
[WhiteElo "1666"]
[BlackElo "1512"]
[PlyCount "69"]
[EventDate "2015.??.??"]
[WhiteTeam "SG Porz e.V."]
[BlackTeam "SF Köln-Mülheim e.V."]

1. e4 e5 2. Nf3 Nc6 3. Bb5 a6 4. Ba4 Nf6 5. O-O Be7 6. Re1 d6 7. c3 O-O 8. d4
b5 9. d5 Na5 10. Bc2 Bb7 11. Nbd2 c6 12. b4 Nc4 13. Nxc4 bxc4 14. dxc6 Bxc6 15.
Qe2 Rc8 16. Bg5 Nh5 17. Nxe5 Bxg5 18. Nxc6 Rxc6 19. Qxh5 g6 20. Qf3 Rc7 21.
Red1 Bf6 22. Rd5 Ra7 23. Rad1 Be5 24. Rxe5 dxe5 25. Rxd8 Rxd8 26. h3 Rd2 27.
Ba4 Rxa2 28. Qe3 Ra8 29. Bc6 Rd8 30. Bd5 Rc8 31. Qg5 Re8 32. Qf6 Rf8 33. Qxe5
a5 34. bxa5 Rxa5 35. Qc7 1-0

[Event "?"]
[Site "?"]
[Date "2014.08.02"]
[Round "2.6"]
[White "Kühlwein, Ralf"]
[Black "Herms, Stefan"]
[Result "0-1"]
[WhiteElo "1487"]
[BlackElo "1712"]
[PlyCount "72"]
[EventDate "2015.??.??"]
[WhiteTeam "Klub Kölner SF e.V. 1"]
[BlackTeam "SC Erkrath 1973"]

1. d4 e6 2. c4 b6 3. e4 Bb7 4. Bd3 Bb4+ 5. Bd2 Bxd2+ 6. Nxd2 Qg5 7. Qf3 Nc6 8.
Ne2 Nge7 9. Qg3 Qxg3 10. hxg3 Nb4 11. Bb1 d5 12. cxd5 exd5 13. e5 Ba6 14. Nf4
O-O-O 15. Nf3 h6 16. a3 Nbc6 17. g4 Na5 18. Nd2 Nec6 19. b4 Nc4 20. Nf3 Kb8 21.
Bd3 g6 22. O-O b5 23. Rfb1 Bc8 24. a4 a6 25. axb5 axb5 26. Ne2 Bxg4 27. Ra6 Kb7
28. Ra2 Bxf3 29. gxf3 Ra8 30. Rxa8 Rxa8 31. Kg2 Ra3 32. Bxc4 dxc4 33. f4 Ne7
34. f3 Nd5 35. Kf2 Ra2 36. Ke1 Rxe2+ 0-1

[Event "?"]
[Site "?"]
[Date "2014.08.02"]
[Round "2.8"]
[White "Sewald, Jörg"]
[Black "Kronseder, Michael"]
[Result "0-1"]
[WhiteElo "1584"]
[BlackElo "1581"]
[PlyCount "70"]
[EventDate "2015.??.??"]
[WhiteTeam "SF Esch e.V."]
[BlackTeam "SV 1925 Hürth-Berrenra"]

1. b3 d5 2. g3 Bf5 3. d3 e5 4. Bg2 c6 5. Bb2 Nd7 6. a3 Ngf6 7. Nd2 Bd6 8. h3
Qc7 9. e3 O-O-O 10. Ne2 h5 11. b4 e4 12. Nb3 Ne5 13. Ned4 Bg6 14. Nc1 Nh7 15.
h4 Nf6 16. Bh3+ Kb8 17. Kf1 Nfg4 18. Qe2 Rhe8 19. dxe4 dxe4 20. Ncb3 Nf3 21.
Nxf3 exf3 22. Qe1 Bxc2 23. Qc3 Bxb3 24. Qxb3 Be5 25. Bxg4 hxg4 26. Kg1 Bxg3 27.
Bxg7 Bxf2+ 28. Kxf2 Rd2+ 29. Ke1 Re2+ 30. Kd1 Qd6+ 31. Kc1 Qd2+ 32. Kb1 R8xe3
33. Qd1 Re1 34. Rxe1 Rxe1 35. Qxe1 Qxe1+ 0-1

[Event "?"]
[Site "?"]
[Date "2014.08.02"]
[Round "2.9"]
[White "Pislaru, Adrian"]
[Black "Reinartz, Ulrich"]
[Result "1/2-1/2"]
[WhiteElo "1569"]
[BlackElo "1661"]
[PlyCount "79"]
[EventDate "2015.??.??"]
[WhiteTeam "SG Porz e.V."]
[BlackTeam "Vereinslos"]

1. Nf3 d5 2. g3 Nf6 3. Bg2 c5 4. d3 Nc6 5. O-O e5 6. e4 Be7 7. Nbd2 O-O 8. exd5
Nxd5 9. Re1 Bf6 10. Ne4 Be7 11. Ned2 f6 12. a4 Be6 13. Nc4 Rb8 14. Qe2 Nd4 15.
Nxd4 cxd4 16. f4 Bb4 17. Rf1 Bf7 18. fxe5 Re8 19. Qf2 Qe7 20. exf6 Nxf6 21. Bf4
Rbd8 22. Ne5 Be6 23. h3 Nh5 24. Qe2 Bf7 25. Qf3 Nxf4 26. gxf4 Bd5 27. Qg3 Bxg2
28. Qxg2 Bd6 29. Rfe1 Qc7 30. Re2 Re6 31. Qh2 Rde8 32. Re4 Bxe5 33. fxe5 Rg6+
34. Kh1 Qf7 35. Rf4 Qd5+ 36. Re4 Qf7 37. Qf4 Qxf4 38. Rxf4 Rxe5 39. Raf1 h6 40.
R1f2 1/2-1/2

[Event "?"]
[Site "?"]
[Date "2014.08.02"]
[Round "2.10"]
[White "Fischer, Bastian"]
[Black "Joerres, Till"]
[Result "0-1"]
[WhiteElo "1442"]
[BlackElo "1639"]
[PlyCount "62"]
[EventDate "2015.??.??"]
[WhiteTeam "Schach-Club Vaterstetten-Grasbru"]
[BlackTeam "SVigung Düren 13 Deric"]

1. e4 Nc6 2. Bb5 d5 3. d3 a6 4. Bxc6+ bxc6 5. Nc3 d4 6. Nce2 e5 7. Nf3 Bd6 8.
O-O Ne7 9. c3 c5 10. Nd2 dxc3 11. Nxc3 O-O 12. Nc4 Nc6 13. Nxd6 cxd6 14. f4 f5
15. fxe5 dxe5 16. Na4 Qd4+ 17. Kh1 Be6 18. exf5 Rxf5 19. Re1 Raf8 20. Be3 Qh4
21. Nxc5 Rh5 22. h3 Bxh3 23. Kg1 Bxg2 24. Qxh5 Qxh5 25. Kxg2 Rf3 26. Bf2 Qg4+
27. Kf1 Qf5 28. Ne4 Nd4 29. Rac1 Rh3 30. Kg2 Qf3+ 31. Kg1 Rh1# 0-1

[Event "?"]
[Site "?"]
[Date "2014.08.02"]
[Round "2.11"]
[White "Seibt, Sascha"]
[Black "van der Valk, Reiner"]
[Result "1-0"]
[WhiteElo "1613"]
[BlackElo "1400"]
[PlyCount "47"]
[EventDate "2015.??.??"]
[WhiteTeam "DJK Aufwärts St. Josef Aachen 19"]
[BlackTeam "SG Nettetal 1929"]

1. c4 e6 2. g3 d5 3. Bg2 Nf6 4. Nf3 c5 5. O-O Nc6 6. cxd5 Nxd5 7. d4 b6 8. Nc3
Nxc3 9. bxc3 Bb7 10. Ne5 Qc7 11. Qa4 Bd6 12. Nxc6 O-O 13. dxc5 Bxc5 14. Bf4 Bd6
15. Bxd6 Qxd6 16. Qd4 Qc7 17. Nb4 Rfd8 18. Qe3 Bxg2 19. Kxg2 Rac8 20. Rad1 h6
21. Rc1 Qc4 22. Rcd1 a5 23. Nc2 Qxa2 24. Qxb6 {Notationen nicht nachvollziehbar
} 1-0

[Event "?"]
[Site "?"]
[Date "2014.08.02"]
[Round "2.12"]
[White "Pislaru, Marius"]
[Black "Ipekyilmaz, Tayfun"]
[Result "0-1"]
[WhiteElo "1397"]
[BlackElo "1603"]
[PlyCount "82"]
[EventDate "2015.??.??"]
[WhiteTeam "SG Porz e.V."]
[BlackTeam "Langenfelder SF 1933"]

1. e4 e5 2. Nf3 Nc6 3. Bc4 Bc5 4. Nc3 Nf6 5. d3 h6 6. Be3 Bxe3 7. fxe3 d6 8.
O-O Na5 9. Bb5+ c6 10. Ba4 b5 11. Bb3 Nxb3 12. axb3 Bg4 13. h3 Bh5 14. Ra6 b4
15. Ne2 Qc7 16. Qd2 Bxf3 17. gxf3 Qc8 18. Rfa1 Qxh3 19. Rxa7 Rb8 20. Kf2 Qh2+
21. Ke1 Qg2 22. f4 Ng4 23. Kd1 Qf1+ 24. Qe1 Nxe3+ 25. Kd2 Qxe1+ 26. Rxe1 Ng2
27. Rf1 Nxf4 28. Nxf4 exf4 29. Rxf4 O-O 30. Rd7 Rbd8 31. Rfxf7 Rxd7 32. Rxd7
Rf6 33. Ke2 h5 34. c3 h4 35. Ra7 g5 36. Ra1 Kg7 37. Rg1 Kg6 38. Ke3 Kh5 39. d4
g4 40. e5 Rf3+ 41. Ke4 d5# 0-1

[Event "?"]
[Site "?"]
[Date "2014.08.02"]
[Round "2.13"]
[White "Kolbasnikov, Igor"]
[Black "Mersch, Peter Daniel"]
[Result "1/2-1/2"]
[WhiteElo "1393"]
[BlackElo "1548"]
[PlyCount "23"]
[EventDate "2015.??.??"]
[WhiteTeam "SF Köln-Longerich 195"]
[BlackTeam "Klub Kölner SF e.V. 1"]

1. e4 e5 2. Nf3 Nc6 3. d4 exd4 4. Bc4 Nf6 5. Ng5 Ne5 6. Bb3 h6 7. f4 hxg5 8.
fxe5 Nxe4 9. O-O d5 10. exd6 Nxd6 11. Qf3 Be6 12. Re1 1/2-1/2

[Event "?"]
[Site "?"]
[Date "2014.08.02"]
[Round "2.14"]
[White "Gail, Edgar"]
[Black "Rey, Thorsten"]
[Result "1-0"]
[WhiteElo "1538"]
[BlackElo "1359"]
[PlyCount "75"]
[EventDate "2015.??.??"]
[WhiteTeam "Klub Kölner SF e.V. 1"]
[BlackTeam "Klub Kölner SF e.V. 1"]

1. e4 c5 2. Nf3 Nc6 3. d4 cxd4 4. Nxd4 Nf6 5. Nc3 e5 6. Ndb5 d6 7. Bg5 a6 8.
Na3 b5 9. Nd5 Be7 10. Bxf6 Bxf6 11. c3 Be6 12. Nc2 Bxd5 13. Qxd5 Ne7 14. Qd2
Rc8 15. Nb4 Qb6 16. a4 Qb7 17. Bd3 O-O 18. axb5 axb5 19. O-O d5 20. Qe2 dxe4
21. Bxb5 Rc5 22. Ra5 Ra8 23. Rxa8+ Qxa8 24. c4 Bg5 25. Rd1 f5 26. h3 Ng6 27.
Qh5 Be7 28. Na6 e3 29. Nxc5 exf2+ 30. Kf1 Nf4 31. Qf3 Qxf3 32. gxf3 Bxc5 33.
Rd8+ Kf7 34. Rc8 Be3 35. c5 g5 36. c6 Nd5 37. Bc4 Ke6 38. Rd8 1-0